000 00490nam a2200169 i 4500
001 102365
003 ES-MaACL
005 20231223063054.0
007 t|
008 051110q19501970zzz ||||1| spa d
100 1 _aMeneu Monleón, Pascual
_980349
245 1 3 _aEl Consejo de Europa y la seguridad en la carretera /
_cPascual Meneu...
260 _a[s.l. :
_bs.n.,
_c19--?]
300 _a2 h. ;
_c27 cm.
852 _aES-MaACL
_j2094-F-21
_bR.91531
999 _c102365
_d102365